000 00878nam a2200277 i 4500
001 000039195
003 DO-SdBNP
005 20241130074013.0
007 ta
008 130607s2010 dr 000 0 spa d
020 _a9789993458951
040 _aDO-SdBNP
_bspa
_cBNPHU
_erda
082 _axxx
_bxxx
100 1 _aPérez, Odalís
_d1952-
_eautor
_923828
245 1 3 _aEl horizonte y la memoria :
_bensayos sobre filosofía, estética y literatura /
_cOdalís G. Pérez.
264 _aSanto Domingo :
_bCentenario,
_c2010.
300 _a258 páginas ;
_c22 cm.
336 _2rdacontent
_atexto
_btxt
337 _2rdamedia
_asin mediación
_bn
338 _2rdacarrier
_avolumen
_bnc
500 _aIncluye datos biográficos del autor en las solapas
504 _aBibliografía : p. 249-258
590 _aInventariado, 2020/ YL
910 _aBtavárez
942 _2ddc
_cLBS1
999 _c38685
_d38685